000 00848nam a2200205 a 4500
001 BRCA_653
005 20190320203110.0
008 100408s1993----uk-a---###---#000-0#eng-#
041 _aeng
044 _aUk
050 4 _aND150
_b.P5 1993
245 1 0 _aPinturas de antiguos maestros.
260 _aLondres
_bHarari and Johns : British Airways
_c1993
300 _a1 v. (sin paginación)
_bil. a color
_c27 cm.
_e1 ejemplar en español y sin imágenes
500 _aCatálogo de la exposición realizada en el Museo de San Carlos (Ciudad de México), 28 abril-9 mayo, 2003 y en el Museo de Monterrey (Monterrey), 13-23 mayo, 2003
500 _a2do. ejemplar en el Área de Investigación (pero sin material complementario)
650 1 4 _aPintura
_xAntiguos maestros
_92191
650 1 4 _aPintura
_ySiglo XVI-XX
_zEspaña y México
_92192
942 _2lcc
_cB
999 _c568
_d568